000 01029 a2200289 4500
999 _c10616
_d10616
020 _a1788162153
020 _a9781788162159
050 0 0 _aQH541.ROB 2019
100 1 _aRoberts, Callum,
_eauthor.
245 1 0 _aReef life :
_ban underwater memoir /
_cCallum Roberts ; with photographs by Alex Mustard.
264 1 _aLondon :
_bProfile Books,
_c2019.
300 _a366 pages, 32 unnumbered pages of plates :
_billustrations (some color) ;
336 _atext
_btxt
_2rdacontent
336 _astill image
_bsti
_2rdacontent
337 _aunmediated
_bn
_2rdamedia
338 _avolume
_bnc
_2rdacarrier
500 _aIncludes index.
650 0 _aCoral reef ecology.
650 0 _aCoral reefs and islands.
650 0 _aMarine resources conservation.
650 0 _aCoral reef animals
650 0 _aCoral reefs and islands
700 1 _aMustard, Alex,
_d1975-
_ephotographer.
942 _2lcc
_cBK
_h541
_iROB
_kQH